000 00791cam a2200277 i 4500
001 17741758
005 20180827042031.0
008 130514s2015 maua b 001 0 eng
010 _a 2013019527
020 _a9781284022285 (pbk. : alk. paper)
020 _a9781284038781
035 _a(DNLM)101608251
040 _aDNLM/DLC
_cDLC
_erda
_dDLC
041 _aeng
042 _apcc
060 1 0 _aW 15
080 _a610.14
082 0 0 _a610.14
_223
100 1 _a3
101 _aSHM
245 1 0 _aEssential medical terminology /
_cPeggy Stanfield, Y.H. Hui, Nanna Cross.
504 _aIncludes bibliographical references and index.
906 _a7
_bcbc
_corignew
_d1
_eecip
_f20
_gy-gencatlg
942 _2ddc
_cBK
999 _c47336
_d47336